[Event "ch-European Rapid 2013"]
[Site "Warsaw POL"]
[Date "2013.12.15"]
[Round "8.34"]
[White "Stupak, Kirill"]
[Black "Stetsko, Lanita"]
[Result "1-0"]
[WhiteTitle "GM"]
[BlackTitle "FM"]
[WhiteElo "2505"]
[BlackElo "2245"]
[WhiteFideId "13503758"]
[BlackFideId "13505300"]
[EventDate "2013.12.14"]

1. d4 Nf6 2. g3 d5 3. Nf3 e6 4. c4 dxc4 5. Bg2 Nc6 6. O-O Rb8 7. Nc3 b5 8. Ne5
Nxe5 9. dxe5 Nd7 10. Qd4 Bc5 11. Qg4 Kf8 12. Rd1 h5 13. Qf4 Bb7 14. Bxb7 Rxb7
15. Qe4 Rb6 16. Bg5 Be7 17. Be3 c5 18. Nxb5 Rxb5 19. Qc6 Rb6 20. Qxd7 Qxd7 21.
Rxd7 Rxb2 22. Rxa7 g6 23. h4 c3 24. Rc1 c2 25. Kg2 c4 26. Bd4 Rb5 27. Rc7 Rd5
28. e3 g5 29. hxg5 Bxg5 30. Rxc2 Kg7 31. f4 Bd8 32. R7xc4 h4 33. g4 h3+ 34. Kg3
Ba5 35. Rc1 Bd2 36. Rh1 Ra5 37. Rc2 Bb4 38. Rxh3 Rha8 39. Rhh2 Ra3 40. Kf3 Rd3
41. Rb2 Bf8 42. Rhd2 Rda3 43. Ke4 R8a4 44. Rdc2 Ra6 45. Rb7 1-0

[Event "ch-European Rapid 2013"]
[Site "Warsaw POL"]
[Date "2013.12.15"]
[Round "8.35"]
[White "Skawinski, Arkadiusz"]
[Black "Dourerassou, Jonathan"]
[Result "0-1"]
[WhiteTitle "FM"]
[BlackTitle "IM"]
[WhiteElo "2319"]
[BlackElo "2485"]
[WhiteFideId "1126415"]
[BlackFideId "628050"]
[EventDate "2013.12.14"]

1. e4 c5 2. c3 d6 3. d4 Nf6 4. Bd3 Nc6 5. Nf3 g6 6. h3 Bg7 7. O-O O-O 8. a3 Qb6
9. Nbd2 cxd4 10. Nc4 Qc5 11. b4 Qh5 12. cxd4 d5 13. exd5 Nxd5 14. Be3 Be6 15. b5
Nxe3 16. fxe3 Qxb5 17. Rb1 Qd5 18. a4 Rac8 19. Rb5 Qd7 20. Ng5 Nxd4 21. Nxe6
Nxe6 22. Ne5 Qd6 23. Nf3 Rfd8 24. Be2 Qa3 25. Qb3 Qxb3 26. Rxb3 Nc5 27. Rb5 Bh6
28. Kh2 Bxe3 29. Ne5 f6 0-1

[Event "ch-European Rapid 2013"]
[Site "Warsaw POL"]
[Date "2013.12.15"]
[Round "8.36"]
[White "Setkauskas, Vaidas"]
[Black "Leniart, Arkadiusz"]
[Result "0-1"]
[BlackTitle "IM"]
[WhiteElo "2193"]
[BlackElo "2472"]
[WhiteFideId "12803936"]
[BlackFideId "1124226"]
[EventDate "2013.12.14"]

1. e4 e5 2. Nf3 Nc6 3. Bc4 Be7 4. O-O Nf6 5. Re1 d6 6. h3 O-O 7. d4 exd4 8. Nxd4
Nxd4 9. Qxd4 Nd7 10. Nc3 Ne5 11. Be2 Bf6 12. Qd1 g6 13. Be3 Be6 14. Nd5 Bg7 15.
Qd2 c6 16. Nf4 Bc4 17. Nd3 Nxd3 18. cxd3 Ba6 19. Bf3 Qd7 20. Rad1 b6 21. d4 Rae8
22. Qc1 Bb7 23. b4 Qe7 24. Bf4 f6 25. a4 Qd8 26. Qa3 f5 27. exf5 Rxe1+ 28. Rxe1
Rxf5 29. Qe3 Kh8 30. Bg4 Rf8 31. Bg5 Bf6 32. Bh6 Bg7 33. Bg5 Qc7 34. Qd3 Bc8 35.
Re7 Qb8 36. Qg3 Bxg4 37. Qxg4 Qc8 38. Rd7 Qe8 39. Be7 Rg8 40. Bxd6 Qe1+ 41. Kh2
Qxf2 42. Rxg7 Kxg7 43. Be5+ Kh6 44. Qe6 Rf8 45. Qxc6 Qf5 46. a5 bxa5 47. bxa5
Rf7 48. Qc1+ g5 49. Qc6+ Qg6 50. d5 Qxc6 51. dxc6 Rf2 52. Bd4 Rc2 53. Bxa7 Rxc6
54. Kg3 Kg6 55. Kf3 h5 56. Bd4 Rc4 57. Be3 Ra4 58. Bb6 Kf5 59. Bc7 Ra3+ 60. Kf2
Ke4 61. Bd8 Ra2+ 62. Kg3 Kf5 63. Kf3 h4 64. Bc7 Ra3+ 65. Kf2 Ke4 66. Bd8 Ra2+
67. Kg1 Kf5 68. Bc7 g4 69. hxg4+ Kxg4 70. Kf1 Rc2 71. Bb8 Rc8 72. Bd6 Ra8 73.
Bc7 Rc8 74. Bd6 Rc1+ 75. Kf2 Rc6 76. Bb8 Rf6+ 77. Kg1 Rf8 78. Bd6 Rf7 79. Bb8
Rb7 80. Bd6 Ra7 81. Bb4 Rd7 82. Bc5 Rd1+ 83. Kf2 Rd2+ 84. Kf1 Kg3 85. a6 Rxg2
86. a7 Ra2 87. Bd6+ Kf3 88. Kg1 Rxa7 89. Kh2 Kg4 90. Bb8 Ra2+ 91. Kg1 Kh3 92.
Bc7 Ra1+ 93. Kf2 Ra7 94. Bd6 Rg7 95. Be5 Rg6 96. Bc7 Rg8 97. Bd6 Rg7 98. Be5
Rg2+ 99. Kf1 Rg4 100. Kf2 Rg6 101. Bc7 Rg8 102. Bd6 Kg4 103. Kg2 Rg6 104. Bc7
Rc6 105. Be5 Rc2+ 106. Kg1 Kh3 107. Bd6 Rc6 108. Be5 Rg6+ 109. Kf1 Kg4 110. Bc7
Kf3 111. Be5 h3 0-1

[Event "ch-European Rapid 2013"]
[Site "Warsaw POL"]
[Date "2013.12.15"]
[Round "8.37"]
[White "Dragun, Kamil"]
[Black "Herman, Jean"]
[Result "1-0"]
[WhiteTitle "GM"]
[WhiteElo "2530"]
[BlackElo "2230"]
[WhiteFideId "1134167"]
[BlackFideId "263036"]
[EventDate "2013.12.14"]

1. d4 d5 2. c4 c6 3. Nc3 Nf6 4. cxd5 cxd5 5. Bf4 Nc6 6. e3 Bf5 7. Qb3 Qb6 8.
Qxb6 axb6 9. Bb5 e6 10. Nf3 Nd7 11. Nh4 Bg6 12. Nxg6 hxg6 13. Ke2 Be7 14. Rhc1
O-O 15. Nb1 Rfc8 16. Nd2 g5 17. Bg3 Bd8 18. a3 Ra5 19. a4 Ndb8 20. Rc3 Bc7 21.
Nb3 Ra8 22. Nc1 Bxg3 23. hxg3 Rc7 24. Nd3 Re7 25. Ne5 Nxe5 26. Rc8+ Kh7 27. dxe5 1-0

[Event "ch-European Rapid 2013"]
[Site "Warsaw POL"]
[Date "2013.12.15"]
[Round "8.38"]
[White "Lissang, Christopher"]
[Black "Kanarek, Marcel"]
[Result "1-0"]
[BlackTitle "IM"]
[WhiteElo "2240"]
[BlackElo "2473"]
[WhiteFideId "1709615"]
[BlackFideId "1126822"]
[EventDate "2013.12.14"]

1. d4 Nf6 2. c4 g6 3. Nc3 Bg7 4. Nf3 d6 5. Bg5 h6 6. Bh4 g5 7. Bg3 Nh5 8. e3 c5
9. d5 Qa5 10. Rc1 Nd7 11. a3 Nb6 12. Nd2 Nxg3 13. hxg3 Bd7 14. Bd3 Na4 15. Nxa4
Qxa4 16. Bc2 Qa6 17. Rb1 b5 18. Bd3 b4 19. axb4 cxb4 20. O-O Qb6 21. Bc2 O-O 22.
g4 f5 23. gxf5 Bxf5 24. Bxf5 Rxf5 25. Nb3 Raf8 26. Qe2 Re5 27. Rbd1 Re4 28. Qd3
Rh4 29. g3 Rg4 30. Kg2 Qc7 31. Rc1 Qc8 32. c5 dxc5 33. Nxc5 Qf5 34. Qxf5 Rxf5
35. f3 Rxd5 36. fxg4 Bxb2 37. Rb1 Ba3 38. Nb3 a5 39. Rf5 Rxf5 40. gxf5 a4 41.
Nc5 1-0

[Event "ch-European Rapid 2013"]
[Site "Warsaw POL"]
[Date "2013.12.15"]
[Round "8.39"]
[White "Duda, Jan-Krzysztof"]
[Black "Lewicki, Miroslaw"]
[Result "1-0"]
[WhiteTitle "GM"]
[BlackTitle "CM"]
[WhiteElo "2557"]
[BlackElo "2225"]
[WhiteFideId "1170546"]
[BlackFideId "1113380"]
[EventDate "2013.12.14"]

1. e4 c5 2. Nf3 d6 3. d4 cxd4 4. Nxd4 Nf6 5. Nc3 a6 6. Be3 e6 7. f3 Qc7 8. Qd2
Be7 9. g4 b5 10. Bd3 Nbd7 11. g5 Nh5 12. O-O-O Nc5 13. Kb1 g6 14. Rhf1 b4 15.
Nce2 e5 16. Nb3 Nxd3 17. cxd3 a5 18. f4 a4 19. Nbc1 b3 20. a3 Bb7 21. Nc3 exf4
22. Bxf4 Nxf4 23. Qxf4 O-O 24. N1e2 Qa5 25. h4 f6 26. Qg4 Bc8 27. Qg3 f5 28. Nd5
Qa7 29. Rc1 Bd8 30. h5 Ba6 31. hxg6 hxg6 32. Rc6 Qg7 33. Rxd6 fxe4 34. Rxf8+
Kxf8 35. Nef4 Bxd3+ 36. Ka1 Qh7 37. Rxd8+ Rxd8 38. Ne6+ Ke8 39. Nf6+ Ke7 40.
Nxh7 Kxe6 41. Qc7 Rd5 42. Qc6+ Rd6 43. Nf8+ Ke5 44. Nxg6+ Ke6 45. Nf4+ Ke5 46.
Qc5+ 1-0

[Event "ch-European Rapid 2013"]
[Site "Warsaw POL"]
[Date "2013.12.15"]
[Round "8.40"]
[White "Fargere, Francois"]
[Black "Rindlisbacher, Jan"]
[Result "0-1"]
[WhiteTitle "GM"]
[WhiteElo "2446"]
[BlackElo "2235"]
[WhiteFideId "615935"]
[BlackFideId "1304160"]
[EventDate "2013.12.14"]

1. e4 e5 2. Nf3 Nc6 3. Bb5 a6 4. Bxc6 dxc6 5. O-O Bg4 6. h3 Bh5 7. g4 Bg6 8.
Nxe5 Qh4 9. Qf3 f6 10. Nxg6 hxg6 11. Kg2 g5 12. Rh1 O-O-O 13. d3 Ne7 14. Nd2 Qh7
15. Qe2 Ng6 16. Nf3 Bd6 17. Be3 Qg8 18. Nd4 Be5 19. Nf5 Bxb2 20. Rab1 Bd4 21.
Qd2 Bxe3 22. Qxe3 Qxa2 23. Qa7 Nf4+ 24. Kf3 Rxh3+ 25. Ng3 Rxd3+ 0-1

[Event "ch-European Rapid 2013"]
[Site "Warsaw POL"]
[Date "2013.12.15"]
[Round "8.41"]
[White "Dorokhin, Mykhailo"]
[Black "Zwardon, Vojtech"]
[Result "0-1"]
[BlackTitle "IM"]
[WhiteElo "2243"]
[BlackElo "2383"]
[WhiteFideId "14114178"]
[BlackFideId "325511"]
[EventDate "2013.12.14"]

1. e4 c5 2. d3 g6 3. h4 h5 4. c3 Bg7 5. Be3 b6 6. d4 cxd4 7. Bxd4 e5 8. Be3 Bb7
9. f3 Ne7 10. Qd6 O-O 11. Na3 Nc8 12. Qd2 d5 13. exd5 Qxd5 14. Qxd5 Bxd5 15. Bc4
Ne7 16. O-O-O Bc6 17. Ne2 Nf5 18. Bg5 Nd7 19. Rhg1 Nc5 20. b4 Na4 21. Kc2 a5 22.
g4 hxg4 23. fxg4 axb4 24. cxb4 Nd4+ 25. Nxd4 exd4 26. h5 Nc3 27. h6 Nxd1 28.
hxg7 Kxg7 29. Rxd1 Rxa3 30. Rxd4 Rf3 31. b5 Ba8 32. Bd2 Rc8 33. Bc3 Kh6 34. Bd2+
Kh7 35. g5 Bd5 36. Rxd5 Rxc4+ 37. Kb2 Rf5 38. Rxf5 gxf5 39. Kb3 Rd4 40. Be1 f4
41. Bf2 Rd6 42. a4 f3 43. Bg3 Kg6 0-1

[Event "ch-European Rapid 2013"]
[Site "Warsaw POL"]
[Date "2013.12.15"]
[Round "8.42"]
[White "Drozdowski, Kacper"]
[Black "Mirski, Stanislaw"]
[Result "1/2-1/2"]
[WhiteTitle "IM"]
[WhiteElo "2463"]
[BlackElo "2139"]
[WhiteFideId "1136720"]
[BlackFideId "1122118"]
[EventDate "2013.12.14"]

1. e4 c5 2. Nf3 e6 3. d4 cxd4 4. Nxd4 a6 5. Bd3 Bc5 6. Nb3 Be7 7. Qg4 g6 8. Qe2
d6 9. Nc3 Qc7 10. a4 b6 11. O-O Nd7 12. f4 Ngf6 13. Bd2 Bb7 14. Rae1 h5 15. Nd1
d5 16. Nf2 dxe4 17. Nxe4 Nxe4 18. Bxe4 Bxe4 19. Qxe4 O-O 20. Bc3 Bf6 21. Rf3
Rac8 22. Rd1 Nc5 23. Qc4 Bxc3 24. Rxc3 Qb7 25. Nxc5 Rxc5 26. Qb4 Rxc3 27. Qxc3
Rc8 28. Qd3 b5 29. axb5 axb5 30. c3 b4 31. c4 Qc7 32. b3 Qxf4 33. Rf1 Qc7 34.
Rd1 Qc5+ 35. Qd4 Qc7 36. h3 Qc6 37. Qd7 Qc5+ 38. Qd4 Qg5 39. Qb6 Ra8 40. Qxb4
Ra2 41. Qb7 Qe3+ 42. Kh1 Rb2 43. Rf1 Rf2 44. Qb8+ Kh7 45. Rxf2 Qxf2 46. Qe5 Qc2
47. c5 Qxb3 48. c6 Qc4 49. c7 Qc6 50. Qf4 f6 51. Qxf6 Qxc7 1/2-1/2

[Event "ch-European Rapid 2013"]
[Site "Warsaw POL"]
[Date "2013.12.15"]
[Round "8.43"]
[White "Polok, Kacper"]
[Black "Meribanov, Vitaly"]
[Result "0-1"]
[BlackTitle "IM"]
[WhiteElo "2172"]
[BlackElo "2412"]
[WhiteFideId "1137158"]
[BlackFideId "13504363"]
[EventDate "2013.12.14"]

1. e4 c5 2. Nf3 e6 3. d4 cxd4 4. Nxd4 Nc6 5. Nc3 Nf6 6. Ndb5 d6 7. Bf4 e5 8. Bg5
a6 9. Na3 b5 10. Nd5 Be7 11. Bxf6 Bxf6 12. c3 Bg5 13. Nc2 Ne7 14. Nxe7 Qxe7 15.
Nb4 O-O 16. Nd5 Qb7 17. g4 Be6 18. Bg2 Rac8 19. O-O Rc5 20. Nb4 Rd8 21. Nd3 Rcc8
22. Qe2 Rd7 23. Kh1 Qb6 24. Qf3 Re8 25. Qg3 Bc4 26. Rfd1 Re6 27. Nxe5 Rxe5 28.
f4 Bxf4 29. Qxf4 Re6 30. b3 Rf6 31. Qg3 Be6 32. Rd4 Rg6 33. h3 h5 34. g5 f6 35.
h4 fxg5 36. hxg5 Qc5 37. Bh3 Bxh3 38. Rd5 Qc8 39. Qxh3 Qe8 40. Re1 Re7 41. Qd3
Ree6 42. Rf5 Qe7 43. Qd5 Kh7 44. e5 Qc7 45. Re3 dxe5 46. Rh3 Qc6 47. Rxh5+ Kg8
48. Qg2 Qxg2+ 49. Kxg2 Re8 50. Rh3 Rd6 51. Rf2 e4 52. Kg3 Rd3+ 53. Kg4 Rxh3 54.
Kxh3 e3 55. Re2 Kf7 56. Kg4 Kg6 57. c4 bxc4 58. bxc4 Re4+ 59. Kg3 Kxg5 60. Kf3
Kf5 61. Rxe3 Rxe3+ 62. Kxe3 Ke5 63. Kd3 a5 64. a4 Kd6 65. Kd4 Kc6 0-1

[Event "ch-European Rapid 2013"]
[Site "Warsaw POL"]
[Date "2013.12.15"]
[Round "8.44"]
[White "Druska, Juraj"]
[Black "Nowicki, Bartosz"]
[Result "1-0"]
[WhiteTitle "FM"]
[WhiteElo "2370"]
[BlackElo "2251"]
[WhiteFideId "14915650"]
[BlackFideId "1179730"]
[EventDate "2013.12.14"]

1. d4 f5 2. Nc3 d5 3. Bf4 Nf6 4. e3 e6 5. Nf3 Be7 6. Bd3 O-O 7. O-O Bd7 8. Ne2
Be8 9. Ne5 Bh5 10. f3 c5 11. c4 Nbd7 12. Qb3 Nb6 13. Rfd1 Qe8 14. Rac1 Rc8 15.
Kh1 Qa4 16. Qxa4 Nxa4 17. Rc2 Nb6 18. Rdc1 dxc4 19. Nxc4 Rfd8 20. Na5 cxd4 21.
Rxc8 Rxc8 22. Rxc8+ Nxc8 23. Nxd4 b6 24. Nac6 Bf7 25. Ba6 1-0

[Event "ch-European Rapid 2013"]
[Site "Warsaw POL"]
[Date "2013.12.15"]
[Round "8.45"]
[White "Dumanski, Aleksander"]
[Black "Sadzikowski, Daniel"]
[Result "0-1"]
[BlackTitle "IM"]
[WhiteElo "2236"]
[BlackElo "2470"]
[WhiteFideId "1114379"]
[BlackFideId "1132253"]
[EventDate "2013.12.14"]

1. d4 Nf6 2. c4 g6 3. Nc3 d5 4. Nf3 Bg7 5. Qb3 dxc4 6. Qxc4 O-O 7. e4 Nc6 8. Be2
e5 9. dxe5 Ng4 10. Bg5 Ngxe5 11. Bxd8 Nxc4 12. Bxc7 Nxb2 13. Rc1 Be6 14. O-O
Rac8 15. Bf4 Nb4 16. Nb5 Rxc1 17. Bxc1 Nxa2 18. e5 Nxc1 19. Rxc1 Rd8 20. Nxa7
Bg4 21. Nb5 b6 22. Nbd4 Rc8 23. Rb1 Nc4 24. Bxc4 Rxc4 25. h3 Bxf3 26. Nxf3 Rc6
27. g3 Bf8 28. Nd4 Rc4 29. Nb5 Bc5 30. Rb2 Re4 31. e6 Rxe6 32. Nc7 Re1+ 33. Kg2
Re7 34. Nd5 Re6 35. Kf3 Kg7 36. h4 Rd6 37. Nc7 Rc6 38. Nd5 h5 39. Ke4 Re6+ 40.
Kf3 Kh6 41. Nc7 Rd6 42. Nb5 Rc6 43. Na7 Rf6+ 44. Kg2 g5 45. hxg5+ Kxg5 46. Nc8
h4 47. Rb5 Kg4 48. f3+ Rxf3 49. gxh4 Rf2+ 50. Kh1 Rf6 51. h5 Rh6 52. Kg2 f5 53.
Rb1 f4 54. Rb3 Rf6 55. Na7 f3+ 56. Kf1 Rd6 57. Rb1 Rd2 58. Nc6 Rf2+ 59. Ke1 Kg3
60. Nb4 Rh2 61. Rb3 Rh1+ 62. Kd2 Bxb4+ 63. Rxb4 f2 0-1

[Event "ch-European Rapid 2013"]
[Site "Warsaw POL"]
[Date "2013.12.15"]
[Round "8.46"]
[White "Deszczynski, Adam"]
[Black "Pietocha, Pawel"]
[Result "1-0"]
[WhiteElo "2341"]
[BlackElo "2071"]
[WhiteFideId "1102753"]
[BlackFideId "1134647"]
[EventDate "2013.12.14"]

1. e4 g6 2. d4 Bg7 3. Nc3 d5 4. exd5 Nf6 5. Bc4 Nbd7 6. Nf3 O-O 7. O-O Nb6 8.
Bb3 Nbxd5 9. Nxd5 Nxd5 10. Re1 e6 11. Bg5 Bf6 12. Qd2 Bxg5 13. Nxg5 b6 14. Rad1
Bb7 15. Ne4 Nf6 16. f3 Kg7 17. Qf4 Nd7 18. d5 e5 19. Qd2 h6 20. d6 c5 21. Bd5
Bxd5 22. Qxd5 f5 23. Nc3 Qf6 24. Nb5 Rad8 25. Nc7 1-0

[Event "ch-European Rapid 2013"]
[Site "Warsaw POL"]
[Date "2013.12.15"]
[Round "8.47"]
[White "Jarmula, Lukasz"]
[Black "Razin, Vadim"]
[Result "1-0"]
[WhiteElo "2213"]
[BlackElo "2301"]
[WhiteFideId "1160664"]
[BlackFideId "14119463"]
[EventDate "2013.12.14"]

1. e4 e6 2. d4 d5 3. Nc3 Nf6 4. e5 Nfd7 5. f4 c5 6. Nf3 Nc6 7. Be3 Qb6 8. Na4
Qa5+ 9. c3 cxd4 10. b4 Nxb4 11. cxb4 Bxb4+ 12. Bd2 Bxd2+ 13. Nxd2 O-O 14. Bd3 b5
15. Nb2 Nb6 16. O-O Nc4 17. Nbxc4 bxc4 18. Bxh7+ Kxh7 19. Qh5+ Kg8 20. Nf3 g6
21. Qh4 Qc7 22. Ng5 f6 23. exf6 Rxf6 24. Nh7 Qxh7 25. Qxf6 Qg7 26. Qd8+ Qf8 27.
Qg5 Kg7 28. Qe5+ Qf6 29. Qc7+ Qf7 30. Qe5+ Qf6 31. Qc7+ Qf7 32. Qe5+ Qf6 33.
Qc7+ Qf7 34. Qe5+ Kg8 35. Qxd4 Bd7 36. Rae1 a6 37. Rf3 Rc8 38. Re5 Qf8 39. Rg5
Qc5 40. Rxg6+ Kf7 41. Rg7+ Ke8 42. Qxc5 Rxc5 43. Rh3 Kd8 44. Rh8+ Be8 45. Rgg8
c3 46. Rxe8+ Kd7 47. Rd8+ Ke7 48. Rc8 Rc4 49. Rxc4 dxc4 50. Rc8 1-0

[Event "ch-European Rapid 2013"]
[Site "Warsaw POL"]
[Date "2013.12.15"]
[Round "8.48"]
[White "Musialkiewicz, Pawel"]
[Black "Stoma, Pawel"]
[Result "0-1"]
[WhiteElo "2216"]
[BlackElo "2314"]
[WhiteFideId "1179683"]
[BlackFideId "1113569"]
[EventDate "2013.12.14"]

1. d4 d5 2. c4 c6 3. Nc3 Nf6 4. e3 a6 5. Nf3 Bf5 6. Bd3 Bxd3 7. Qxd3 e6 8. O-O
Bb4 9. Ne5 O-O 10. a3 Bxc3 11. Qxc3 Ne4 12. Qc2 f6 13. Nd3 Nd7 14. f3 Nd6 15. b3
Qe8 16. Bd2 a5 17. Be1 dxc4 18. bxc4 b5 19. Nb2 e5 20. Bg3 Qe6 21. Rac1 Rfc8 22.
Rfd1 a4 23. e4 exd4 24. Rxd4 Ne5 25. Bxe5 fxe5 26. Rdd1 Nb7 27. Qc3 Na5 28. c5
Nb3 29. Rd6 Nxc1 30. Qxc1 Qb3 31. Nd3 Rd8 32. Nxe5 b4 33. Nc4 Rxd6 34. cxd6 Qc3
35. Qxc3 bxc3 36. Ne3 Kf7 37. e5 Ke6 38. f4 g5 39. g3 gxf4 40. gxf4 Rf8 41. d7
Kxd7 42. f5 Rxf5 43. Nxf5 c2 44. e6+ Kd8 0-1

[Event "ch-European Rapid 2013"]
[Site "Warsaw POL"]
[Date "2013.12.15"]
[Round "8.49"]
[White "Kula, Robert"]
[Black "Vicas, Marijus"]
[Result "1-0"]
[WhiteTitle "FM"]
[WhiteElo "2319"]
[BlackElo "2039"]
[WhiteFideId "1101218"]
[BlackFideId "12804541"]
[EventDate "2013.12.14"]

1. d4 Nf6 2. c4 g6 3. Nc3 d5 4. Nf3 Bg7 5. e3 O-O 6. Be2 c5 7. h3 Nc6 8. O-O
cxd4 9. exd4 Bf5 10. a3 dxc4 11. Bxc4 Rc8 12. Ba2 Ne4 13. Nxe4 Bxe4 14. d5 Ne5
15. Nxe5 Bxe5 16. Qe2 f5 17. f3 Bd4+ 18. Be3 Qb6 19. Bxd4 Qxd4+ 20. Kh1 Rc2 21.
Qe1 Qxb2 22. d6+ Kh8 23. Qg3 Bc6 24. dxe7 Re8 25. Bf7 Rxe7 26. Rae1 Rce2 27.
Qb8+ Be8 28. Bxe8 Rxe8 29. Qxe8+ Rxe8 30. Rxe8+ Kg7 31. Rfe1 Qxa3 32. R8e7+ Kf6
33. Rxb7 a5 34. f4 Qg3 35. Rb6+ Kf7 36. Rf1 a4 37. Ra6 a3 38. Rb1 Kg7 39. Ra4 h5
40. Ra1 h4 41. R1xa3 Qe1+ 42. Kh2 Kh6 43. Ra8 Qc1 44. Rf3 Qe1 45. Ra7 Qd2 46.
Re7 Qc1 47. Re8 Kg7 48. Rfe3 Qf1 49. Rf3 Qc4 50. Re7+ Kh6 51. Re1 Qd4 52. Rg1
Qd2 53. Kh1 Qe2 54. Rgf1 Qd2 55. Ra1 Qd4 56. Rff1 Qe3 57. Ra6 Qd3 58. Rfa1 Qe3
59. R6a4 Qd2 60. Rc4 Qf2 61. Rd1 Qe2 62. Rcd4 Qe3 63. Kh2 Qf2 64. R1d3 Qf1 65.
Rd2 Qe1 66. R4d3 Qe4 67. Rf3 Qb4 68. Rdf2 Qd4 69. g3 hxg3+ 70. Kxg3 Qd1 71. Kh2
Qd4 72. Re2 Qd1 73. Rff2 Qc1 74. Re6 Qc4 75. Rd6 Qb4 76. Rd3 Qe4 77. Rg3 Qd4 78.
Kg2 Qe4+ 79. Rgf3 Qd4 80. Kh2 Qe4 81. Rg3 Qd4 82. Rff3 Qe4 83. Kh1 Qe1+ 84. Kg2
Qe4 85. h4 Qe2+ 86. Rf2 Qe4+ 87. Kh2 Qd4 88. Rf1 Qd2+ 89. Kh3 Qd4 90. Rfg1 Qd6
91. Rg5 Qxf4 92. Rxg6+ Kh7 93. Rg7+ Kh8 94. R7g5 Kh7 95. Rh5+ 1-0

[Event "ch-European Rapid 2013"]
[Site "Warsaw POL"]
[Date "2013.12.15"]
[Round "8.50"]
[White "Ivanov, Vladimir A."]
[Black "Wantiez, Fabrice"]
[Result "1-0"]
[BlackTitle "FM"]
[WhiteElo "2063"]
[BlackElo "2301"]
[WhiteFideId "14105250"]
[BlackFideId "202274"]
[EventDate "2013.12.14"]

1. e4 e5 2. Nf3 Nc6 3. Nc3 Bb4 4. Bb5 Nge7 5. O-O d6 6. Nd5 Bc5 7. d4 exd4 8.
Nxd4 O-O 9. Nb3 Nxd5 10. exd5 Ne7 11. Nxc5 dxc5 12. c4 Nf5 13. Ba4 Nd6 14. Bb3
Qh4 15. Be3 b6 16. Rc1 Bf5 17. Bc2 Rfe8 18. b3 h6 19. Qf3 Bxc2 20. Rxc2 Re7 21.
Re1 Rae8 22. Rce2 a5 23. g3 Qh3 24. Bf4 Qd7 25. Re5 a4 26. Rxe7 Rxe7 27. Rxe7
Qxe7 28. Bxd6 cxd6 29. bxa4 Qe1+ 30. Kg2 Qb1 31. Qe2 Kf8 32. h4 Qf5 33. Qe3 g5
34. hxg5 hxg5 35. Qb3 g4 36. Qe3 Qc2 37. Qf4 Ke7 38. Qg5+ Ke8 39. Qxg4 Qxa4 40.
Qc8+ Ke7 41. Qc7+ Ke8 42. Qxd6 Qxc4 43. Qe5+ Kd7 44. a3 b5 45. d6 Kc6 46. Qf6 b4
47. axb4 cxb4 48. Qe7 Qd5+ 49. Kh2 Qxd6 50. Qxf7 Qd2 51. g4 b3 52. Qxb3 Qxf2+
53. Kh3 Kd6 54. Qg3+ Qxg3+ 55. Kxg3 Ke5 56. Kh4 Kf6 57. Kh5 Kg7 58. Kg5 Kh7 59.
Kf6 Kg8 1-0

[Event "ch-European Rapid 2013"]
[Site "Warsaw POL"]
[Date "2013.12.15"]
[Round "9.1"]
[White "Wojtaszek, Radoslaw"]
[Black "Rapport, Richard"]
[Result "0-1"]
[WhiteTitle "GM"]
[BlackTitle "GM"]
[WhiteElo "2711"]
[BlackElo "2687"]
[WhiteFideId "1118358"]
[BlackFideId "738590"]
[EventDate "2013.12.14"]

1. d4 d6 2. Nf3 Nf6 3. c4 g6 4. g3 Bg7 5. Bg2 Bf5 6. Qb3 Qc8 7. Nc3 O-O 8. Nh4
Nc6 9. Nxf5 Qxf5 10. e3 Rab8 11. O-O Nd7 12. Qd1 Nb6 13. b3 Qd7 14. Bb2 e5 15.
dxe5 Nxe5 16. Qe2 h5 17. Rad1 Qg4 18. Rfe1 a6 19. h3 Qxe2 20. Rxe2 Rfe8 21. Nd5
Nxd5 22. cxd5 g5 23. Rc2 Re7 24. Be4 Ng6 25. Bxg7 Kxg7 26. Bf5 Ne5 27. Kg2 Rd8
28. Rdc1 c5 29. dxc6 bxc6 30. Rd2 Kf6 31. Be4 g4 32. Bd3 a5 33. Be2 Ke6 34. Rd4
f5 35. Ra4 Ra7 36. Rh1 Kf6 37. Bd1 Rb8 38. Rd4 d5 39. hxg4 hxg4 40. Rh6+ Ng6 41.
Rh5 Rb4 42. Bc2 Ne7 43. Rd1 a4 44. a3 Rxb3 45. Rh6+ Ke5 46. Bxb3 axb3 47. Rb1
Rxa3 48. Rh7 Kd6 49. Rh6+ Ke5 50. Rh7 Kd6 51. Rh6+ Kd7 52. Rh8 c5 53. Rb8 c4 54.
Rb7+ Kd6 55. Rh1 Nc6 56. Rb5 Ra5 57. Rh6+ Kc7 58. Rh7+ Kd6 59. Rh6+ Ke5 60. Rb7
Rc5 61. f3 d4 62. Rd7 dxe3 63. Rdd6 Nd4 64. Rd7 gxf3+ 0-1

[Event "ch-European Rapid 2013"]
[Site "Warsaw POL"]
[Date "2013.12.15"]
[Round "9.2"]
[White "Jobava, Baadur"]
[Black "Malakhov, Vladimir"]
[Result "0-1"]
[WhiteTitle "GM"]
[BlackTitle "GM"]
[WhiteElo "2705"]
[BlackElo "2716"]
[WhiteFideId "13601520"]
[BlackFideId "4120787"]
[EventDate "2013.12.14"]

1. d4 d5 2. Nc3 Nf6 3. Bf4 e6 4. e3 Bd6 5. Nf3 O-O 6. Bd3 c5 7. dxc5 Bxc5 8. O-O
Nc6 9. e4 dxe4 10. Nxe4 Nxe4 11. Bxe4 Qf6 12. Bg5 Qxb2 13. Rb1 Qa3 14. Bc1 Qa4
15. Bxh7+ Kxh7 16. Ng5+ Kg8 17. Qh5 Qxc2 18. Rb3 Qg6 19. Qh4 e5 0-1

[Event "ch-European Rapid 2013"]
[Site "Warsaw POL"]
[Date "2013.12.15"]
[Round "9.3"]
[White "Korobov, Anton"]
[Black "Lysyj, Igor"]
[Result "0-1"]
[WhiteTitle "GM"]
[BlackTitle "GM"]
[WhiteElo "2713"]
[BlackElo "2666"]
[WhiteFideId "14105730"]
[BlackFideId "4150120"]
[EventDate "2013.12.14"]

1. d4 Nf6 2. c4 e6 3. Nf3 d5 4. Nc3 dxc4 5. e3 a6 6. Bxc4 b5 7. Bb3 Bb7 8. O-O
c5 9. e4 cxd4 10. Nxd4 Nbd7 11. Re1 Ne5 12. Bf4 Ng6 13. Be3 Bb4 14. f3 O-O 15.
Rc1 Qb8 16. Bxe6 fxe6 17. Nxe6 Rc8 18. Qb3 Rc4 19. Red1 Qe5 20. Nd4 Rc8 21. a4
Kh8 22. axb5 axb5 23. Ncxb5 Rxc1 24. Rxc1 Rxc1+ 25. Bxc1 Bc5 26. Be3 Nxe4 27.
fxe4 Qxe4 28. Kf2 Qxg2+ 29. Ke1 Qh1+ 30. Kd2 Qxh2+ 31. Kc3 Qe5 32. Kd2 h6 33.
Qf7 Be4 34. Qf2 Bb4+ 35. Nc3 Qa5 36. Qf7 Ne5 37. Qe6 Bg6 38. Ke2 Bh5+ 39. Kd2
Bf7 40. Qc8+ Kh7 41. Ke2 Nc4 42. Ne4 Qh5+ 43. Kf2 Qh2+ 0-1

[Event "ch-European Rapid 2013"]
[Site "Warsaw POL"]
[Date "2013.12.15"]
[Round "9.4"]
[White "Dubov, Daniil"]
[Black "Cheparinov, Ivan"]
[Result "1-0"]
[WhiteTitle "GM"]
[BlackTitle "GM"]
[WhiteElo "2629"]
[BlackElo "2672"]
[WhiteFideId "24126055"]
[BlackFideId "2905540"]
[EventDate "2013.12.14"]

1. Nf3 Nf6 2. g3 g6 3. b3 Bg7 4. Bb2 O-O 5. Bg2 d6 6. d4 a5 7. a4 Nc6 8. O-O Bg4
9. h3 Bf5 10. Nh4 Bd7 11. d5 Nb4 12. e4 Qc8 13. g4 c6 14. c4 h6 15. Na3 Qc7 16.
Qd2 Rad8 17. f4 cxd5 18. exd5 Qb6+ 19. Kh1 Na6 20. Nb5 Nc5 21. Qc2 Nfe4 22. Kh2
Bxb2 23. Qxb2 Nxb3 24. Qxb3 Nd2 25. Qd3 Nxf1+ 26. Rxf1 Kg7 27. f5 g5 28. f6+
exf6 29. Nf5+ Bxf5 30. Qxf5 Qe3 31. Qxf6+ 1-0